[Event "SVK-ch U12 Girls"]
[Site "Liptovsky Mikulas"]
[Date "2016.04.22"]
[Round "8"]
[White "Matisova, Krisztina"]
[Black "Sivicekova, Barbora"]
[Result "0-1"]
[WhiteElo "1040"]
[BlackElo "1000"]
[PlyCount "116"]
[EventDate "2016.04.16"]
[EventType "swiss"]
[EventRounds "9"]
[EventCountry "SVK"]
[SourceTitle "CBM 172 Extra"]
[Source "ChessBase"]
[SourceDate "2016.06.21"]
[SourceVersion "1"]
[SourceVersionDate "2016.06.21"]
[SourceQuality "1"]

1. e4 e5 2. Nf3 Nc6 3. Nc3 Nf6 4. Bc4 Bc5 5. d3 h6 6. Be3 Bb6 7. Qe2 d6 8. 0-0-0 Be6 9. d4 exd4 10. Nxd4 Nxd4 11. Bxd4 Bxd4 12. Rxd4 0-0 13. e5 Bxc4 14. Rxc4 Ne8 15. Rd1 Qg5+ 16. Qe3 Qxe3+ 17. fxe3 dxe5 18. Re4 f6 19. Nb5 a6 20. Nc3 Nd6 21. Rg4 Rad8 22. e4 Nc4 23. Rg3 Rxd1+ 24. Kxd1 Nxb2+ 25. Kc1 Nc4 26. Nd5 c6 27. Ne7+ Kf7 28. Nf5 Rg8 29. c3 Nb6 30. Kb2 Nc8 31. Kb3 Ne7 32. Nd6+ Ke6 33. Nxb7 f5 34. exf5+ Nxf5 35. Rd3 e4 36. Rd1 Ke5 37. Nc5 Rb8+ 38. Ka4 Rb2 39. Ka3 Rxg2 40. Rh1 Rc2 41. Kb3 Rf2 42. Nxa6 e3 43. h3 e2 44. Re1 g5 45. Nb4 Ke4 46. a4 c5 47. Kc2 Ke3 48. a5 Rf1 49. Nd5+ Kf2 50. Kd2 Rxe1 51. a6 Rd1+ 52. Kc2 e1Q 53. a7 Qd2+ 54. Kb3 Nd4+ 55. Kc4 Qd3+ 56. Kxc5 Qb5+ 57. Kd6 Qc6+ 58. Ke5 Qe6# 0-1

[Event "SVK-ch U12 Girls"]
[Site "Liptovsky Mikulas"]
[Date "2016.04.17"]
[Round "2"]
[White "Bujnova, Sara"]
[Black "Matisova, Krisztina"]
[Result "1-0"]
[WhiteElo "1006"]
[BlackElo "1040"]
[PlyCount "149"]
[EventDate "2016.04.16"]
[EventType "swiss"]
[EventRounds "9"]
[EventCountry "SVK"]
[SourceTitle "CBM 172 Extra"]
[Source "ChessBase"]
[SourceDate "2016.06.21"]
[SourceVersion "1"]
[SourceVersionDate "2016.06.21"]
[SourceQuality "1"]

1. e4 e5 2. Nf3 Nc6 3. Bc4 Bc5 4. d3 h6 5. Nc3 Nf6 6. 0-0 d6 7. h3 Be6 8. Nd2 Qd7 9. Bxe6 fxe6 10. Nc4 0-0-0 11. Be3 Bd4 12. a3 Qe8 13. Nb5 Kb8 14. Bxd4 exd4 15. a4 d5 16. Nd2 a6 17. Na3 g5 18. Re1 Qf7 19. Qf3 Rhe8 20. e5 Rf8 21. exf6 Qxf6 22. Qxf6 Rxf6 23. Re2 e5 24. Nb3 b6 25. Nb1 b5 26. axb5 axb5 27. c3 dxc3 28. bxc3 d4 29. Na5 Rdd6 30. Nxc6+ Rxc6 31. Ra3 Rb6 32. Rxe5 Rg6 33. Re8+ Kb7 34. Raa8 Kc6 35. cxd4 Rd6 36. Rh8 b4 37. Ra5 Rxd4 38. Rxh6+ Kb7 39. Rxb6+ cxb6 40. Ra4 b5 41. Ra5 Kb6 42. Ra2 Rxd3 43. Rb2 Kc5 44. Nd2 Rd4 45. Nb3+ Kc4 46. Nxd4 Kxd4 47. Rxb4+ Kc5 48. Re4 b4 49. Re8 Kc4 50. Rc8+ Kb3 51. Rb8 Kc3 52. Kf1 b3 53. Rc8+ Kb2 54. Ke2 Ka2 55. Ra8+ Kb2 56. Kd1 Kb1 57. Rb8 b2 58. Rxb2+ Kxb2 59. Kd2 Kb3 60. Ke3 Kb4 61. g3 Kc5 62. Ke4 Kd6 63. f4 gxf4 64. gxf4 Ke6 65. f5+ Kf6 66. Kf4 Kf7 67. Kg5 Kg7 68. h4 Kh7 69. Kf6 Kh6 70. Ke7 Kg7 71. f6+ Kg8 72. f7+ Kg7 73. f8Q+ Kg6 74. Qf6+ Kh5 75. Qg5# 1-0

[Event "SVK-ch U10 Girls"]
[Site "Tatralandia"]
[Date "2015.04.25"]
[Round "9"]
[White "Nadzamova, Viktoria"]
[Black "Matisova, Krisztina"]
[Result "1-0"]
[WhiteElo "1418"]
[BlackElo "1000"]
[PlyCount "81"]
[EventDate "2015.04.18"]
[EventType "swiss"]
[EventRounds "9"]
[EventCountry "SVK"]
[SourceTitle "CBM 166 Extra"]
[Source "ChessBase"]
[SourceDate "2015.06.18"]
[SourceVersion "1"]
[SourceVersionDate "2015.06.18"]
[SourceQuality "1"]

1. e4 e5 2. Nf3 Nc6 3. Bb5 a6 4. Ba4 b5 5. Bb3 Na5 6. Nxe5 Bd6 7. Nxf7 Qe7 8. Nxh8 Nf6 9. Nf7 Bc5 10. Ng5 Bb7 11. d3 d5 12. 0-0 Nxb3 13. axb3 dxe4 14. dxe4 Nxe4 15. Nxe4 Bxe4 16. Re1 Kf8 17. Nc3 Re8 18. Rxe4 Qf7 19. Rf4 Qxf4 20. Bxf4 b4 21. Nd5 c6 22. Nc7 Re7 23. Bd6 Bxd6 24. Qxd6 Kf7 25. Qxe7+ Kxe7 26. Rd1 a5 27. Na6 h5 28. Nxb4 axb4 29. c3 bxc3 30. bxc3 c5 31. b4 cxb4 32. cxb4 g5 33. b5 Kf6 34. b6 h4 35. b7 Kg6 36. b8Q Kh5 37. h3 g4 38. Rd5+ Kg6 39. Qb6+ Kf7 40. Rd7+ Ke8 41. Qd8# 1-0

[Event "SVK-ch U10 Girls"]
[Site "Tatralandia"]
[Date "2015.04.20"]
[Round "4"]
[White "Matisova, Krisztina"]
[Black "Carnecka, Stella"]
[Result "0-1"]
[WhiteElo "1000"]
[BlackElo "1000"]
[PlyCount "32"]
[EventDate "2015.04.18"]
[EventType "swiss"]
[EventRounds "9"]
[EventCountry "SVK"]
[SourceTitle "CBM 166 Extra"]
[Source "ChessBase"]
[SourceDate "2015.06.18"]
[SourceVersion "1"]
[SourceVersionDate "2015.06.18"]
[SourceQuality "1"]

1. e4 e5 2. Nf3 Nc6 3. Bc4 Bc5 4. c3 Nf6 5. d4 Bd6 6. Bg5 h6 7. Bh4 g5 8. Bg3 exd4 9. cxd4 Bxg3 10. hxg3 Nxe4 11. Nbd2 d5 12. Bd3 Bf5 13. a3 Qf6 14. b4 Nxd4 15. Nxd4 Qxd4 16. Nb3 Qxf2# 0-1

[Event "SVK-ch U10 Girls"]
[Site "Stara Lubovna"]
[Date "2014.04.10"]
[Round "5"]
[White "Matisova, Krisztina"]
[Black "Osadska, Daniela"]
[Result "0-1"]
[WhiteElo "1000"]
[BlackElo "1000"]
[PlyCount "62"]
[EventDate "2014.04.05"]
[EventType "swiss"]
[EventRounds "7"]
[EventCountry "SVK"]
[SourceTitle "EXT 2016"]
[Source "ChessBase"]
[SourceDate "2015.10.08"]
[SourceVersion "1"]
[SourceVersionDate "2015.10.08"]
[SourceQuality "1"]

1. Nf3 d5 2. Nc3 Nf6 3. d3 Nc6 4. e4 d4 5. Bg5 e5 6. Be2 dxc3 7. bxc3 Bc5 8. Be3 Bxe3 9. fxe3 0-0 10. 0-0 Ng4 11. Qc1 Be6 12. h3 Nh6 13. d4 Qf6 14. Kf2 Ne7 15. Ke1 Ng6 16. d5 Bd7 17. c4 c5 18. a4 Nh4 19. Kd1 Nxg2 20. Rf2 Bxh3 21. Bf1 Ng4 22. Be2 Nxf2+ 23. Kd2 Bg4 24. Kc3 Bxf3 25. Bxf3 Qxf3 26. a5 Nxe3 27. Kb3 Nxd5+ 28. Ka4 Nb4 29. c3 Nbd3 30. Qa3 Qxe4 31. Kb5 Qc6# 0-1

[Event "SVK-ch U10 Girls"]
[Site "Stara Lubovna"]
[Date "2014.04.07"]
[Round "3"]
[White "Subjakova, Kristina"]
[Black "Matisova, Krisztina"]
[Result "1-0"]
[WhiteElo "1133"]
[BlackElo "1000"]
[PlyCount "121"]
[EventDate "2014.04.05"]
[EventType "swiss"]
[EventRounds "7"]
[EventCountry "SVK"]
[SourceTitle "EXT 2016"]
[Source "ChessBase"]
[SourceDate "2015.10.08"]
[SourceVersion "1"]
[SourceVersionDate "2015.10.08"]
[SourceQuality "1"]

1. e4 Nf6 2. Nc3 Nc6 3. d4 e6 4. e5 Nd5 5. Nxd5 exd5 6. c3 a6 7. Qf3 Bd6 8. exd6 cxd6 9. Qxd5 Ne7 10. Qxd6 Nf5 11. Qe5+ Ne7 12. Qxg7 Rg8 13. Qxh7 d6 14. Be3 Bg4 15. h3 Bf5 16. Qh5 Bg6 17. Qf3 Rf8 18. Bh6 Rg8 19. Ne2 Qb6 20. b3 Qc7 21. Nf4 Bf5 22. g4 Bc2 23. Bc4 d5 24. Nxd5 Nxd5 25. Bxd5 Qe7+ 26. Be3 Rh8 27. Bxb7 Rd8 28. 0-0 Rb8 29. Qc6+ Qd7 30. Qxd7+ Kxd7 31. Bg2 f5 32. gxf5 Bxf5 33. c4 Bd3 34. Rfd1 Bc2 35. Rd2 Bf5 36. Kh2 Rh7 37. d5 Rbh8 38. Bd4 Rg8 39. c5 a5 40. Be5 Ke8 41. c6 Rh6 42. d6 Kf7 43. d7 Rhg6 44. f3 Bxd7 45. cxd7 Ke6 46. d8Q Rxd8 47. Rxd8 Kxe5 48. Ra8 Kd4 49. Rxa5 Kc3 50. Ra4 Kb2 51. Rd1 Kc2 52. Rd5 Kc3 53. b4 Rg8 54. b5 Rf8 55. b6 Re8 56. b7 Rf8 57. Ra8 Rf6 58. b8Q Kc4 59. Qb5+ Kc3 60. Rc8+ Rc6 61. Rxc6# 1-0

[Event "SVK-ch U10 Girls"]
[Site "Stara Lubovna"]
[Date "2014.04.05"]
[Round "1"]
[White "Matisova, Krisztina"]
[Black "Ivanecka, Natalia"]
[Result "0-1"]
[WhiteElo "1000"]
[BlackElo "1140"]
[PlyCount "94"]
[EventDate "2014.04.05"]
[EventType "swiss"]
[EventRounds "7"]
[EventCountry "SVK"]
[SourceTitle "EXT 2016"]
[Source "ChessBase"]
[SourceDate "2015.10.08"]
[SourceVersion "1"]
[SourceVersionDate "2015.10.08"]
[SourceQuality "1"]

1. Nf3 Nc6 2. Nc3 e5 3. e4 Nf6 4. Bb5 Bc5 5. d3 h6 6. Be3 Bxe3 7. fxe3 0-0 8. 0-0 d6 9. d4 a6 10. Bxc6 bxc6 11. dxe5 dxe5 12. Qxd8 Rxd8 13. Rfd1 Bg4 14. Rd2 Bxf3 15. Rxd8+ Rxd8 16. gxf3 Rd2 17. a4 Rxc2 18. Nb1 Rc1+ 19. Kf2 Rc2+ 20. Kg1 Rxb2 21. Nc3 Rb3 22. Ne2 Rxe3 23. Nc1 Rxf3 24. Kg2 Rf4 25. Nd3 Rxe4 26. a5 Re3 27. Nb4 e4 28. Nxa6 Re2+ 29. Kf1 Rb2 30. Nxc7 e3 31. a6 Rxh2 32. a7 Rh1+ 33. Ke2 Rxa1 34. a8Q+ Rxa8 35. Nxa8 Ng4 36. Nc7 h5 37. Kf1 h4 38. Ne8 h3 39. Nd6 h2 40. Ke2 h1Q 41. Kd3 Qd5+ 42. Kc3 Qxd6 43. Kc4 Qd5+ 44. Kc3 e2 45. Kb2 e1Q 46. Kc2 Qed2+ 47. Kb1 Qh1# 0-1

[Event "SVK-chT4 A22 1314"]
[Site "Slovakia"]
[Date "2013.10.20"]
[Round "2.6"]
[White "Galffy, Bence"]
[Black "Matisova, Krisztina"]
[Result "1-0"]
[WhiteElo "1225"]
[BlackElo "1000"]
[PlyCount "45"]
[EventDate "2013.10.06"]
[EventType "team-tourn"]
[EventRounds "11"]
[EventCountry "SVK"]
[SourceTitle "EXT 2015"]
[Source "ChessBase"]
[SourceDate "2014.11.20"]
[SourceVersion "1"]
[SourceVersionDate "2014.11.20"]
[SourceQuality "1"]
[WhiteTeam "Potonska Veza III"]
[BlackTeam "Dunajska Streda SK III"]
[WhiteTeamCountry "SVK"]
[BlackTeamCountry "SVK"]

1. e4 Nc6 2. Bc4 Nf6 3. Nc3 e5 4. Nf3 d6 5. d4 Be7 6. dxe5 dxe5 7. Qxd8+ Kxd8 8. Be3 Bb4 9. 0-0-0+ Ke8 10. Bd2 Bg4 11. Nd5 Bxd2+ 12. Rxd2 Nxd5 13. exd5 Ne7 14. Nxe5 Bf5 15. d6 cxd6 16. Rxd6 f6 17. Nf7 Rf8 18. Rhd1 Ng6 19. Nd8 Ne5 20. Be6 Ng4 21. Bxf5 Nxf2 22. Re1+ Ne4 23. Rxe4# 1-0